Footy Tenaball #6 - Statistics

General Stats
  • This quiz has been taken 113 times
  • The average score is 8 of 10
Answer Stats
Hint Answer % Correct
#1 Mohamed Salah
99%
#4 Alisson
97%
#2 Andrew Robertson
96%
#5 Sadio Mane
94%
#3 Trent Alexander-Arnold
94%
#7 Roberto Firmino
90%
#6 Jordan Henderson
87%
#10 James Milner
67%
#9 Fabinho
65%
#8 Georginio Wijnaldum
60%
No matching quizzes found
Score Distribution
Percent of People with Each Score
Percentile by Number Answered
Your Score History
You have not taken this quiz